000 01547cam a2200625 4500500
005 20260405001509.0
041 _afre
042 _adc
100 1 0 _aWilliams, Patrick
_eauthor
245 0 0 _aL’art nous aide-t-il à vivre ?
260 _c2013.
500 _a85
690 _aAbsolu
690 _aAldo Romano
690 _aArt-thérapie
690 _aBeauté
690 _aCarolyn Carlson
690 _aCaspar David Friedrich
690 _achant
690 _aCharles Pépin
690 _aChristian Boltanski
690 _aCréation
690 _aDanse
690 _aEsthétique
690 _aFrédéric Schiffter
690 _aHegel
690 _aHeidegger
690 _aIdéal
690 _aImprovisation
690 _aJazz
690 _aLiberté
690 _alucidité
690 _aMémoire
690 _aMoralisme
690 _aMusique
690 _aNietzsche
690 _aŒuvres
690 _aPeinture
690 _aPerfectionnisme moral
690 _aQuotidien
690 _aRéel
690 _aSacré
690 _aSandra Laugier
690 _aSchelling
690 _aSchopenhauer
690 _aSculpture
690 _aSéries TV
690 _aTémoignages
690 _aTemps
690 _aThe Sopranos
690 _aThe Wire
690 _aTony Soprano
786 0 _nPhilosophie magazine | 70 | 6 | 2013-06-01 | p. 37-37 | 1951-1787
856 4 1 _uhttps://shs.cairn.info/magazine-philosophie-magazine-2013-6-page-37?lang=fr&redirect-ssocas=7080
999 _c2048280
_d2048280